Integer programming and related areas : a classified bibliography. /

Guardado en:
Autor Corporativo: Universität Bonn. Institut für Ökonometrie und Operations Research.
Otros Autores: Kastning, C. (Editor )
Formato: Libro
Idioma:English
Publicado: Berlin : Springer-Verlag, 1976.
Series:Lecture notes in economics and mathematical systems ; 128
Etiquetas: Agregar Etiqueta
Sin Etiquetas, Sea el primero en etiquetar este registro!
LEADER 00821nam a22001815a 4500
001 MAT.inmabb004712
008 070829s1976####gw#######b####000#0#eng#d
005 20170508160653.0
245 1 0 |a Integer programming and related areas :  |b a classified bibliography. /  |c compiled at the Institut für Ökonometrie und Operations Research, University of Bonn ; edited by C. Kastning. 
260 |a Berlin :  |b Springer-Verlag,  |c 1976. 
300 |a xii, 495 p. ;  |c 25 cm. 
440 0 |a Lecture notes in economics and mathematical systems ;  |v 128 
500 |a "Contains publications ... appearing until 1975"--Introd. remarks. 
020 |a 354007788X 
700 1 |a Kastning, C.  |4 edt 
710 2 |a Universität Bonn.  |b Institut für Ökonometrie und Operations Research. 
084 |a 90C10 (00A15)  |2 msc2000 
859 |h 90  |i In613  |p A-6109  |b BIB. MATEMATICA